000 00482cam a2200193ua 4500
001 6132
005 20260515114005.0
008 131125n ii |||gr||||Z||||||eng
040 _cMAIN
082 _a658.1511
245 _aManagement Accountancy
_cBy Monilal Das
250 _a2nd ed.
260 _aCalcutta:
_bRabindra Library,
_c1994.
300 _ax,714p.
653 _aGeneral management
653 _aManagement Accountancy
700 _aDas,Monilal,
_eAuthor.
942 _cBK
999 _c5279
_d5279